00404nam a2200109 i 4500001000300000245011500003260002100118040000800139041000800147008004100155856009800196bg 0aMateriały z Międzynarodowego Sympozjum Naukowego oraz Międzynarodowego Salonu Urządzeń Komunalnych... aPoznań,c1976. cBPK apol s pl f |000 0 pol  uhttp://koha.tu.koszalin.pl/cgi-bin/koha/opac-detail.pl?biblionumber=16995yKatalog online BPK